[Event "WJun"]
[Site "Puerto Madryn ARG"]
[Date "2009.10.29"]
[Round "8"]
[White "Margvelashvili,G"]
[Black "Popov,Iv RUS"]
[Result "0-1"]
[WhiteElo "2509"]
[BlackElo "2582"]
[EventDate "2009.10.22"]

1. d4 Nf6 2. c4 e6 3. Nf3 b6 4. g3 Ba6 5. Qc2 Bb7 6. Bg2 c5 7. d5 exd5 8.
cxd5 Nxd5 9. O-O Be7 10. Qe4 Na6 11. Rd1 Nac7 12. Nh4 g6 13. Qe5 O-O 14.
Rxd5 d6 15. Bh6 Bf6 16. Qf4 Nxd5 17. Bxd5 Bxd5 18. Nc3 Bc6 19. Bxf8 Kxf8
20. Rd1 Be5 21. Qd2 d5 22. Nf3 Bf6 23. Qf4 Qe7 24. Nxd5 Bxd5 25. Rxd5 Bxb2
26. Qd2 Bf6 27. Rd7 Qe6 28. Rd6 Qf5 29. Rd5 Qb1+ 30. Kg2 Qe4 31. h4 h5 32.
Kh2 Re8 33. Ng1 Bd4 34. Rd7 Bxf2 35. Nh3 Bxg3+ 0-1

[Event "WJun"]
[Site "Puerto Madryn ARG"]
[Date "2009.10.29"]
[Round "8"]
[White "Olszewski,Mi"]
[Black "Lalith,B"]
[Result "0-1"]
[WhiteElo "2544"]
[BlackElo "2477"]
[EventDate "2009.10.22"]

1. d4 Nf6 2. c4 e6 3. Nf3 b6 4. g3 Ba6 5. Qc2 c5 6. d5 exd5 7. cxd5 g6 8.
Bg2 Bg7 9. Nc3 O-O 10. O-O d6 11. a4 Bb7 12. Bf4 Na6 13. Rad1 Nb4 14. Qb3
Re8 15. Nd2 Nh5 16. Nc4 Nxf4 17. gxf4 Ba6 18. Rd2 Qd7 19. e3 Rab8 20. Nb5
Bf8 21. Ra1 Ra8 22. e4 Bxb5 23. axb5 Qc7 24. e5 a6 25. bxa6 Ra7 26. Qa4
Rxa6 27. Qxe8 Rxa1+ 28. Bf1 Kg7 29. f5 gxf5 30. f4 Qe7 31. Nxd6 Qxe8 32.
Nxe8+ Kh8 33. d6 Ra8 34. d7 Nc6 35. Nd6 Nd8 36. Nxf5 Ra4 37. Rf2 c4 38. Nd6
Ra7 39. Bh3 Ra2 40. Kg2 Ra4 41. Re2 Ra5 42. Nxf7+ Nxf7 43. e6 0-1

[Event "WJun"]
[Site "Puerto Madryn ARG"]
[Date "2009.10.30"]
[Round "9"]
[White "Iturrizaga,E"]
[Black "Popov,Iv RUS"]
[Result "1-0"]
[WhiteElo "2605"]
[BlackElo "2582"]
[EventDate "2009.10.22"]

1. c4 c5 2. Nc3 Nc6 3. Nf3 g6 4. e3 Bg7 5. d4 d6 6. d5 Ne5 7. Nxe5 Bxe5 8.
Bd3 Bxc3+ 9. bxc3 e5 10. e4 Bd7 11. f4 Qc7 12. O-O f6 13. a4 O-O-O 14. fxe5
dxe5 15. a5 Kb8 16. Be3 h5 17. Qb3 Rh7 18. Qa3 Rc8 19. Rab1 Qd6 20. Rb2 Be8
21. Rfb1 Rf7 22. Rb6 Qf8 23. d6 Bc6 24. Bxc5 Qe8 25. Ra6 f5 26. Rxa7 1-0

[Event "WJun"]
[Site "Puerto Madryn ARG"]
[Date "2009.10.30"]
[Round "9"]
[White "Leon Hoyos,M"]
[Black "Olszewski,Mi"]
[Result "0-1"]
[WhiteElo "2516"]
[BlackElo "2544"]
[EventDate "2009.10.22"]

1. e4 e5 2. Nf3 Nc6 3. Bc4 Nf6 4. d3 Be7 5. Bb3 O-O 6. O-O d6 7. c3 Na5 8.
Bc2 c5 9. Nbd2 Nc6 10. Re1 h6 11. h3 Be6 12. d4 exd4 13. cxd4 cxd4 14. Nb3
d3 15. Bxd3 Nd7 16. Nfd4 Bf6 17. Nxe6 fxe6 18. f4 Rc8 19. Bc4 Qe7 20. Qg4
Nd4 21. Bd3 Nc2 22. Bxc2 Rxc2 23. Re2 Rc4 24. Nd2 Bd4+ 25. Kh1 Nf6 26. Qg6
Rc2 27. e5 Qc7 28. Re1 dxe5 29. fxe5 Bxe5 30. Nf3 Bxb2 31. Bxb2 Rxb2 32.
Rxe6 Qc2 33. Qxc2 Rxc2 34. Nd4 Rd2 35. Nf5 Rf7 36. a4 Nh5 37. Nh4 Rff2 38.
Re8+ Kh7 39. Re7 Rb2 40. Rd1 Rf4 41. g4 Ng3+ 42. Kg1 Rxa4 43. Re3 Ne2+ 44.
Kf1 Rf4+ 45. Nf3 Ng3+ 46. Kg1 Re4 47. Rxe4 Nxe4 48. Rd7 Ng5 49. Nh4 Nxh3+
50. Kf1 Ng5 0-1

[Event "WJun"]
[Site "Puerto Madryn ARG"]
[Date "2009.10.30"]
[Round "9"]
[White "Jumabayev,R"]
[Black "Diamant,A"]
[Result "1-0"]
[WhiteElo "2548"]
[BlackElo "2526"]
[EventDate "2009.10.22"]

1. d4 Nf6 2. c4 e6 3. Nf3 c5 4. Nc3 cxd4 5. Nxd4 a6 6. e4 Qc7 7. a3 b6 8.
Be3 Bb7 9. f3 d6 10. Be2 Nbd7 11. O-O Be7 12. Qd2 O-O 13. b4 Rac8 14. Kh1
Rfe8 15. Rac1 Qb8 16. Rfd1 Bd8 17. Rc2 Bc7 18. Bg1 d5 19. cxd5 Bf4 20. Qe1
exd5 21. Nxd5 Nxd5 22. Rxc8 Qxc8 23. exd5 Bxd5 24. Qh4 Be3 25. Nf5 Bb3 26.
Rxd7 Qxd7 27. Qg4 g6 28. Nh6+ Bxh6 29. Qxd7 Rxe2 30. Qc8+ 1-0

[Event "WJun"]
[Site "Puerto Madryn ARG"]
[Date "2009.10.30"]
[Round "9"]
[White "Grigoryan,Av"]
[Black "Cori,J"]
[Result "1-0"]
[WhiteElo "2515"]
[BlackElo "2445"]
[EventDate "2009.10.22"]

1. d4 Nf6 2. c4 c6 3. Nf3 d5 4. e3 e6 5. Bd3 dxc4 6. Bxc4 Nbd7 7. O-O Bd6
8. Nc3 O-O 9. e4 e5 10. Be3 Qe7 11. Bb3 exd4 12. Bxd4 Ne5 13. Bxe5 Bxe5 14.
Nxe5 Qxe5 15. f4 Qc5+ 16. Kh1 Bg4 17. Qe1 Be6 18. e5 Ng4 19. Ne4 Qe3 20.
Nd6 Qxe1 21. Raxe1 b6 22. h3 Nh6 23. f5 Bxb3 24. axb3 Rad8 25. f6 g5 26. g4
Rd7 27. Kg2 Rfd8 28. Kf3 Kf8 29. Rd1 Ng8 30. Ke4 a5 31. Rd4 Ra8 32. Rfd1 c5
33. Rd5 a4 34. bxa4 Rxa4+ 35. Kf5 h6 36. Ne4 Rxd5 37. Rxd5 Ke8 38. b3 Ra8
39. Nd6+ Kf8 40. Nb5 Rc8 41. Rd7 1-0

[Event "WJun"]
[Site "Puerto Madryn ARG"]
[Date "2009.10.30"]
[Round "9"]
[White "Ibarra Chami,L"]
[Black "Margvelashvili,G"]
[Result "0-1"]
[WhiteElo "2393"]
[BlackElo "2509"]
[EventDate "2009.10.22"]

1. d4 c6 2. c4 d5 3. Nf3 Nf6 4. e3 g6 5. Nc3 Bg7 6. Bd3 O-O 7. O-O Bg4 8.
h3 Bxf3 9. Qxf3 e6 10. Rd1 Re8 11. b3 Nbd7 12. Bb2 a6 13. Rac1 Qe7 14. Bb1
Rad8 15. e4 dxe4 16. Nxe4 Nxe4 17. Qxe4 Nf6 18. Qe1 Rd7 19. Qa5 Qd8 20. Qe1
Nh5 21. Bc3 Bxd4 22. Rxd4 Rxd4 23. Bxd4 Qxd4 24. Rd1 Qb6 25. Qd2 Nf6 26.
Qd6 Kg7 27. Rd3 e5 28. Re3 Re6 29. Qd2 Qc5 30. Qc3 Qe7 31. Qe1 h5 32. Rd3
Qc5 33. Re3 Nd7 34. Bd3 g5 35. Qe2 Qd4 36. Bc2 Nc5 37. a3 Qa1+ 38. Kh2 Qxa3
39. Rxe5 Qb2 40. Rxe6 Nxe6 41. Qe4 Qd4 42. Qe1 Kf6 43. Kg1 Qe5 44. Qd2 Kg7
45. Bd1 Qd4 46. Qc2 Nc5 47. Bf3 h4 0-1

[Event "WJun"]
[Site "Puerto Madryn ARG"]
[Date "2009.10.30"]
[Round "9"]
[White "Lalith,B"]
[Black "Macias Murillo,B"]
[Result "1/2-1/2"]
[WhiteElo "2477"]
[BlackElo "2363"]
[EventDate "2009.10.22"]

1. Nf3 c5 2. c4 Nf6 3. g3 b6 4. Bg2 Bb7 5. Nc3 e6 6. O-O d6 7. Re1 Be7 8.
e4 Nbd7 9. d4 cxd4 10. Nxd4 Qc7 11. Be3 a6 12. Rc1 O-O 13. f4 Rac8 14. f5
e5 15. Nb3 Qb8 16. Qe2 Qa8 17. Nd2 Nc5 18. Nd5 Nxd5 19. exd5 Rfe8 20. b4
Nd7 21. Qd3 b5 22. Red1 Nf6 23. Ne4 bxc4 24. Nxf6+ Bxf6 25. Rxc4 Rxc4 26.
Qxc4 Qc8 27. Qd3 Qd7 28. Be4 Rc8 29. Rc1 Rxc1+ 30. Bxc1 Qc7 31. Be3 h6 32.
h4 Bc8 33. a4 Qb7 34. Qa3 Bd7 35. b5 axb5 36. a5 Qa6 37. Bb6 Be7 38. Kf2
Bc8 39. Qb4 Bb7 40. Bf3 Bf8 1/2-1/2

[Event "WJun"]
[Site "Puerto Madryn ARG"]
[Date "2009.10.30"]
[Round "9"]
[White "Yilmaz,M"]
[Black "Maenhout,T"]
[Result "0-1"]
[WhiteElo "2475"]
[BlackElo "2303"]
[EventDate "2009.10.22"]

1. e4 c5 2. Nf3 d6 3. d4 cxd4 4. Nxd4 Nf6 5. Nc3 a6 6. Bg5 e6 7. f4 Be7 8.
Qf3 Qc7 9. O-O-O Nbd7 10. g4 b5 11. Bxf6 Nxf6 12. g5 Nd7 13. f5 Bxg5+ 14.
Kb1 O-O 15. fxe6 Nb6 16. Bh3 Bf6 17. Qd3 Re8 18. exf7+ Qxf7 19. Bxc8 Raxc8
20. Rhg1 Kh8 21. Rdf1 b4 22. Nce2 Nc4 23. Rf4 d5 24. exd5 Qxd5 25. Rgf1 Ne3
26. R1f3 Nxc2 27. Rxf6 gxf6 28. Qxa6 Qxd4 29. Rd3 Qg1+ 0-1

[Event "WJun"]
[Site "Puerto Madryn ARG"]
[Date "2009.10.30"]
[Round "9"]
[White "Schiendorfer,E"]
[Black "Swiercz,D"]
[Result "1-0"]
[WhiteElo "2311"]
[BlackElo "2492"]
[EventDate "2009.10.22"]

1. d4 Nf6 2. c4 c5 3. d5 b5 4. Qc2 g6 5. e4 d6 6. Nf3 bxc4 7. Bxc4 Bg7 8.
O-O O-O 9. h3 Nbd7 10. Rd1 Qb6 11. a4 Ba6 12. Na3 Rfb8 13. Nb5 Bxb5 14.
axb5 Ne8 15. Bd2 Qb7 16. Ba5 Nb6 17. Bf1 Qd7 18. Rac1 Rc8 19. Qe2 1-0

[Event "WJun"]
[Site "Puerto Madryn ARG"]
[Date "2009.10.30"]
[Round "9"]
[White "Garnelis,J"]
[Black "Can,E"]
[Result "1/2-1/2"]
[WhiteElo "2228"]
[BlackElo "2455"]
[EventDate "2009.10.22"]

1. e4 c5 2. Nf3 d6 3. d4 cxd4 4. Nxd4 Nf6 5. Nc3 g6 6. Be3 Bg7 7. f3 O-O 8.
Bc4 Nc6 9. Bb3 Bd7 10. Qd2 Na5 11. O-O-O Rb8 12. Bh6 Bxh6 13. Qxh6 b5 14.
g4 b4 15. Nd5 Nxb3+ 16. Nxb3 Nxd5 17. exd5 Rb6 18. Rhg1 e5 19. f4 f5 20.
fxe5 dxe5 21. Qe3 Qc7 22. Qc5 Rc8 23. Qxc7 Rxc7 24. gxf5 Bxf5 25. Rd2 Rd6
26. Re1 e4 27. Nd4 Rc5 28. Nc6 a5 29. b3 Kg7 30. Ne5 Rcxd5 31. Nc4 Rxd2 32.
Nxd2 h5 33. Re2 Rd4 34. Nc4 a4 35. Rd2 Rxd2 36. Kxd2 axb3 37. axb3 Kf6 38.
c3 bxc3+ 39. Kxc3 Kg5 40. Kd4 Kf4 41. Ne3 Bd7 42. Ng2+ Kg4 43. Ne3+ Kf3 44.
Nc4 Be8 45. Nd2+ Kg2 46. Kxe4 Kxh2 47. Kf4 Bc6 48. b4 Kg2 49. Kg5 Kf2 50.
Nc4 Kg3 51. Nd2 Bg2 52. b5 1/2-1/2

[Event "WJun"]
[Site "Puerto Madryn ARG"]
[Date "2009.10.30"]
[Round "9"]
[White "Perez Ponsa,F"]
[Black "Vishnu,P"]
[Result "1/2-1/2"]
[WhiteElo "2422"]
[BlackElo "2342"]
[EventDate "2009.10.22"]

1. e4 c5 2. Nc3 a6 3. Nf3 d6 4. d4 cxd4 5. Nxd4 Nf6 6. Bg5 e6 7. f4 Nc6 8.
Nxc6 bxc6 9. e5 h6 10. Bh4 g5 11. fxg5 Nd5 12. Ne4 Qb6 13. Bd3 hxg5 14.
Bxg5 Qxb2 15. c4 Be7 16. Bxe7 Ne3 17. Qf3 Nxg2+ 18. Kf1 Ne3+ 19. Qxe3 Qxa1+
20. Kg2 Qb2+ 21. Kf1 Qa1+ 22. Kg2 Qb2+ 23. Kg1 Qa1+ 24. Kg2 1/2-1/2

[Event "WJun"]
[Site "Puerto Madryn ARG"]
[Date "2009.10.30"]
[Round "9"]
[White "Dimuro,M"]
[Black "Shyam,SM"]
[Result "1/2-1/2"]
[WhiteElo "2214"]
[BlackElo "2403"]
[EventDate "2009.10.22"]

1. e4 e5 2. Nf3 Nc6 3. Bb5 a6 4. Ba4 Nf6 5. O-O Nxe4 6. d4 b5 7. Bb3 d5 8.
dxe5 Be6 9. c3 Be7 10. Nbd2 Nc5 11. Bc2 Bg4 12. Re1 Qd7 13. Nb3 Ne6 14. Qd3
Bh5 15. Nfd4 Bg6 16. Qe2 Ncxd4 17. Nxd4 Bxc2 18. Qxc2 O-O 19. f4 Bc5 20.
Be3 Bxd4 21. cxd4 f5 22. Rac1 Qe7 23. Qf2 Qd7 24. Qc2 Qe7 25. Qf2 Qd7 26.
Qc2 1/2-1/2

[Event "WJun"]
[Site "Puerto Madryn ARG"]
[Date "2009.10.30"]
[Round "9"]
[White "Hugaert,A"]
[Black "Bajarani,U"]
[Result "0-1"]
[WhiteElo "2066"]
[BlackElo "2392"]
[EventDate "2009.10.22"]

1. e4 e6 2. d4 d5 3. exd5 exd5 4. Bd3 c5 5. Qe2+ Be7 6. dxc5 Nf6 7. Nf3 O-O
8. O-O Bxc5 9. Bg5 h6 10. Bh4 Nc6 11. c3 Bg4 12. Re1 g5 13. Bg3 Re8 14. Qd2
Ne4 15. Qc2 f5 16. Bxe4 dxe4 17. Nfd2 Qd5 18. h3 Bh5 19. b4 Bb6 20. c4 Qd4
21. Nb3 Qd3 22. Qxd3 exd3 23. Nc3 f4 24. c5 Bc7 25. Nd5 Be5 26. b5 Nd4 0-1

[Event "WJun"]
[Site "Puerto Madryn ARG"]
[Date "2009.10.30"]
[Round "9"]
[White "Salinas Herrera,P"]
[Black "Zaslavsky,M"]
[Result "0-1"]
[WhiteElo "2129"]
[BlackElo "2392"]
[EventDate "2009.10.22"]

1. e4 c5 2. Nf3 Nc6 3. d4 cxd4 4. Nxd4 Qb6 5. Nb3 Nf6 6. Bd3 e6 7. O-O Be7
8. Be3 Qc7 9. f4 h5 10. h3 h4 11. c4 Nh5 12. Nc3 Nb4 13. a3 Nxd3 14. Qxd3
b6 15. Nb5 Qb8 16. Rad1 a6 17. Nd6+ Bxd6 18. Qxd6 Ng3 19. Rfe1 Nxe4 20. Qb4
f5 21. Bxb6 Qxf4 22. Nd2 Nf6 23. Nf3 Ne4 24. c5 O-O 25. c6 dxc6 26. Qe7 Qh6
27. Ne5 Qg5 28. Qc7 c5 29. Rd3 a5 30. Bxc5 Nxc5 31. Qxc5 Bb7 32. Qf2 Rad8
33. Nd7 Rfe8 34. Red1 f4 35. Qd2 Kh7 36. Ne5 Qxe5 0-1

[Event "WJun"]
[Site "Puerto Madryn ARG"]
[Date "2009.10.30"]
[Round "9"]
[White "Soares,E"]
[Black "Gallego Alcaraz,A"]
[Result "0-1"]
[WhiteElo "2065"]
[BlackElo "2404"]
[EventDate "2009.10.22"]

1. Nf3 c5 2. b3 Nf6 3. Bb2 e6 4. e3 b6 5. d4 Bb7 6. Nbd2 Be7 7. Bd3 O-O 8.
c4 d6 9. Qc2 Nbd7 10. g4 cxd4 11. exd4 e5 12. O-O-O e4 13. Nxe4 Nxe4 14.
Bxe4 d5 15. Bxh7+ Kh8 16. Bf5 dxc4 17. Ne5 Bg5+ 18. Kb1 Nxe5 19. dxe5 Bxh1
20. Rxd8 Raxd8 21. h4 Bf4 22. Qxc4 Rd1+ 23. Kc2 Rd2+ 24. Kc3 Rxf2 25. Kb4
Bd2+ 26. Kb5 Rd8 27. Ka6 Bd5 28. Qc7 Rg8 29. Qd6 Be6 30. Bxe6 fxe6 31. Qxe6
Be3 32. Bc3 Rxa2+ 33. Kb5 a6+ 34. Kc4 Rd8 35. Qe7 b5+ 36. Kb4 Rb8 0-1

[Event "WJun"]
[Site "Puerto Madryn ARG"]
[Date "2009.10.30"]
[Round "9"]
[White "Kokol,P"]
[Black "Cuberli,E"]
[Result "1-0"]
[WhiteElo "2322"]
[BlackElo "2161"]
[EventDate "2009.10.22"]

1. g3 Nf6 2. Bg2 g6 3. e4 d6 4. Nc3 Bg7 5. Nge2 O-O 6. O-O e5 7. d3 c6 8.
h3 Nbd7 9. f4 Nc5 10. Be3 exf4 11. gxf4 Re8 12. e5 Nh5 13. d4 Nd7 14. Ne4
Bf8 15. Qd3 Nb6 16. N2g3 d5 17. Nxh5 dxe4 18. Bxe4 gxh5 19. Kh2 Nd5 20. Bd2
Qd7 21. Rg1+ Kh8 22. Qg3 Bh6 23. f5 Nf4 24. Bxf4 Bxf4 25. Qxf4 Qxd4 26.
Rad1 Qxb2 27. Qg3 1-0

[Event "WJun"]
[Site "Puerto Madryn ARG"]
[Date "2009.10.30"]
[Round "9"]
[White "Crespo,E"]
[Black "Lovik,L"]
[Result "1/2-1/2"]
[WhiteElo "2019"]
[BlackElo "2320"]
[EventDate "2009.10.22"]

1. e4 c5 2. Nf3 d6 3. d4 cxd4 4. Nxd4 Nf6 5. Nc3 g6 6. g3 Bg7 7. Bg2 O-O 8.
O-O Qb6 9. Nde2 Nc6 10. h3 Bd7 11. a4 Rac8 12. Be3 Qa5 13. Nd5 Nxd5 14.
exd5 Ne5 15. b3 Bf5 16. Ra2 f6 17. Nd4 Bd7 18. Re1 f5 19. f4 Nf7 20. c4
Rfe8 21. Rae2 a6 22. Bf2 Bf6 23. Ne6 Nd8 24. Bd4 Nxe6 25. Bxf6 Nxf4 26.
Rxe7 Nh5 27. Qa1 Rxe7 28. Rxe7 Re8 29. Rxe8+ Bxe8 30. Kh2 Qb6 31. Qc3 f4
32. gxf4 Qf2 33. Bg5 Nxf4 34. Bxf4 Qxf4+ 35. Qg3 Qf6 36. a5 h5 37. h4 Qd4
38. Qh3 Kg7 39. Qg3 Bd7 40. Qxd6 Qxh4+ 41. Kg1 Qg4 42. Qe5+ Kh7 43. Kf2
Qh4+ 44. Qg3 Qd4+ 45. Qe3 Qh4+ 1/2-1/2

[Event "WJun"]
[Site "Puerto Madryn ARG"]
[Date "2009.10.30"]
[Round "9"]
[White "Gryson,W"]
[Black "Dole,A"]
[Result "1-0"]
[WhiteElo "2145"]
[BlackElo "2068"]
[EventDate "2009.10.22"]

1. d4 d5 2. c4 e6 3. Nc3 c6 4. Nf3 dxc4 5. e4 b5 6. Be2 Bb4 7. O-O Bb7 8.
Bg5 Qb6 9. e5 Nd7 10. Ne4 f6 11. Be3 Qd8 12. b3 c3 13. Qd3 fxe5 14. Nfg5
Qe7 15. a3 Ba5 16. Bg4 Ngf6 17. Bxe6 Nxe4 18. Qxe4 O-O-O 19. Qxe5 Bc7 20.
Qc5 Qf6 21. Bh3 Kb8 22. Qxc3 Rhe8 23. Nf3 h6 24. Qc2 g5 25. Qf5 Qg7 26.
Rfc1 Nf6 27. Ne5 Rd5 28. Rc5 Rxc5 29. Qxf6 Bxe5 30. dxe5 Qxf6 31. exf6 Rd5
32. b4 Rf8 33. Be6 Re5 34. Bb3 Rxe3 35. fxe3 Rxf6 36. e4 Kc7 37. e5 Rf8 38.
Rf1 Rxf1+ 39. Kxf1 Kd7 40. Kf2 Ke7 41. g3 Bc8 42. Ke3 Bf5 43. Bd1 Ke6 44.
Kd4 g4 45. Be2 h5 46. Bf1 1-0

[Event "WJun"]
[Site "Puerto Madryn ARG"]
[Date "2009.10.30"]
[Round "9"]
[White "Aharon,O"]
[Black "Stavrianakis,I"]
[Result "1/2-1/2"]
[WhiteElo "2192"]
[BlackElo "2273"]
[EventDate "2009.10.22"]

1. e4 c5 2. Nf3 d6 3. d4 cxd4 4. Nxd4 Nf6 5. Nc3 a6 6. h3 e6 7. g4 Be7 8.
Bg2 Qc7 9. Be3 Nc6 10. O-O Ne5 11. f4 Nc4 12. Bc1 Nd7 13. b3 Na5 14. Qe1
O-O 15. Be3 b6 16. f5 Ne5 17. Nce2 Nac6 18. g5 Re8 19. Qg3 Bd7 20. h4 Nxd4
21. Nxd4 Qc3 22. Bh3 Red8 23. Rac1 exf5 24. Ne2 Qa5 25. Bxf5 Bc6 26. Qf4 d5
27. Nd4 Bb7 28. Be6 fxe6 29. Qxe5 dxe4 30. Qc7 Qd5 1/2-1/2

[Event "WJun"]
[Site "Puerto Madryn ARG"]
[Date "2009.10.30"]
[Round "9"]
[White "Lehtimaki,T"]
[Black "Taher,R"]
[Result "1-0"]
[WhiteElo "2000"]
[BlackElo "1946"]
[EventDate "2009.10.22"]

1. e4 c5 2. d4 cxd4 3. c3 dxc3 4. Nxc3 Nc6 5. Nf3 e6 6. Bc4 a6 7. O-O Nge7
8. Bg5 h6 9. Be3 Qc7 10. Nd5 exd5 11. exd5 Na5 12. d6 Qxc4 13. dxe7 Bxe7
14. Rc1 Qg4 15. Bc5 Nc6 16. Re1 d5 17. Bxe7 Nxe7 18. Qxd5 Qd7 19. Qc5 Kf8
20. Rcd1 1-0

[Event "WJun"]
[Site "Puerto Madryn ARG"]
[Date "2009.10.30"]
[Round "9"]
[White "Decuadro,S"]
[Black "Guo Yuthok,S"]
[Result "0-1"]
[WhiteElo "2034"]
[BlackElo "1966"]
[EventDate "2009.10.22"]

1. e4 e5 2. Nf3 Nc6 3. Bb5 f5 4. d3 fxe4 5. dxe4 Nf6 6. O-O d6 7. Nc3 Bg4
8. Qd3 h6 9. Nd5 a6 10. Ba4 Nd7 11. b4 Be7 12. Bb3 Nf8 13. Bb2 Qd7 14. a4
Ne6 15. Qc3 Bd8 16. h3 Bh5 17. Qd3 O-O 18. Nd2 Kh8 19. c3 Bg5 20. b5 Ne7
21. c4 Nc5 22. Qc2 Bxd2 0-1

[Event "WJun"]
[Site "Puerto Madryn ARG"]
[Date "2009.10.31"]
[Round "10"]
[White "Gundavaa,B"]
[Black "Blit,J"]
[Result "1-0"]
[WhiteElo "2477"]
[BlackElo "2350"]
[EventDate "2009.10.22"]

1. e4 d6 2. d4 Nf6 3. Nc3 g6 4. Nf3 Bg7 5. Be3 c6 6. h3 O-O 7. Bd3 e5 8.
O-O Nbd7 9. a4 a5 10. Qd2 Re8 11. dxe5 dxe5 12. Bc4 Qe7 13. Rad1 Qb4 14. b3
Nc5 15. Ng5 Rf8 16. Nxf7 Rxf7 17. Qd8+ Bf8 18. Na2 Ne6 19. Nxb4 Nxd8 20.
Rxd8 axb4 21. Bh6 Nd5 22. exd5 b5 23. axb5 cxb5 24. d6 bxc4 25. d7 Bxd7 26.
Rxa8 cxb3 27. cxb3 Bc6 28. Rc8 Bb7 29. Rb8 1-0

[Event "WJun"]
[Site "Puerto Madryn ARG"]
[Date "2009.10.31"]
[Round "10"]
[White "Ondrus,M"]
[Black "Perez Ponsa,F"]
[Result "1-0"]
[WhiteElo "2304"]
[BlackElo "2422"]
[EventDate "2009.10.22"]

1. e4 c5 2. Nf3 d6 3. d4 Nf6 4. Nc3 cxd4 5. Nxd4 a6 6. Be3 e5 7. Nb3 Be6 8.
f3 Nbd7 9. Qd2 Rc8 10. g4 Be7 11. O-O-O b5 12. g5 Nh5 13. Nd5 Bxd5 14. exd5
Nb6 15. Na5 Nxd5 16. Qxd5 Qxa5 17. Bh3 Rc4 18. Bg4 O-O 19. Bxh5 g6 20. Kb1
gxh5 21. Rhg1 Kg7 22. f4 Qc7 23. f5 Bd8 24. f6+ Kg6 25. b3 Rh4 26. Bf2 Rf4
27. Bg3 Rf5 28. Qe4 Qc8 29. Rgf1 Bb6 30. Rxd6 Bd4 31. c3 h4 32. Bxh4 Bxc3
33. Rc6 Qxc6 34. Qxf5+ 1-0

[Event "WJun"]
[Site "Puerto Madryn ARG"]
[Date "2009.10.31"]
[Round "10"]
[White "Can,E"]
[Black "Dimuro,M"]
[Result "1-0"]
[WhiteElo "2455"]
[BlackElo "2214"]
[EventDate "2009.10.22"]

1. e4 c5 2. Nf3 Nc6 3. c3 Nf6 4. e5 Nd5 5. d4 cxd4 6. Bc4 Nb6 7. Bb3 d5 8.
exd6 Qxd6 9. O-O Be6 10. Na3 Bxb3 11. Qxb3 e6 12. Nb5 Qd8 13. Nbxd4 Nxd4
14. Nxd4 Qd5 15. Nb5 Qc6 16. Bf4 Nd5 17. Bg3 a6 18. Nd4 Qc8 19. Rfe1 Be7
20. Nf5 Qc6 21. Rad1 Rd8 22. Nxg7+ Kf8 23. Nh5 Rg8 24. c4 Nb6 25. Rxd8+
Bxd8 26. Qc3 Be7 27. b3 Rg6 28. Qd4 Kg8 29. Rd1 h6 30. Nf4 Rg7 31. Nd3 f6
32. Qe3 e5 33. Qxh6 Qe6 34. Qe3 Kf7 35. f3 Nd7 36. Kf2 Bd6 37. Qe4 b5 38.
Qb7 1-0

[Event "WJun"]
[Site "Puerto Madryn ARG"]
[Date "2009.10.31"]
[Round "10"]
[White "Diamant,A"]
[Black "Leon Hoyos,M"]
[Result "1/2-1/2"]
[WhiteElo "2526"]
[BlackElo "2516"]
[EventDate "2009.10.22"]

1. e4 c5 2. Nf3 Nc6 3. d4 cxd4 4. Nxd4 g6 5. c4 Nf6 6. Nc3 d6 7. Nc2 Bg7 8.
Be2 Nd7 9. Bd2 a5 10. O-O Nc5 11. Re1 O-O 12. Bf1 Be6 13. Bg5 a4 14. Qd2
Qa5 15. Rab1 Rfe8 16. Nd5 Qxd2 17. Bxd2 Rac8 18. Nb6 Rcd8 19. Nd5 Rc8 20.
Nb6 Rcd8 21. Nd5 1/2-1/2

[Event "WJun"]
[Site "Puerto Madryn ARG"]
[Date "2009.10.31"]
[Round "10"]
[White "Hugaert,A"]
[Black "Meza,Hu"]
[Result "0-1"]
[WhiteElo "2066"]
[BlackElo "2276"]
[EventDate "2009.10.22"]

1. e4 c5 2. Nc3 g6 3. f4 Bg7 4. Nf3 e6 5. Bc4 Ne7 6. O-O Nbc6 7. e5 d5 8.
exd6 Nf5 9. Ne5 Nxe5 10. fxe5 Bxe5 11. Bb5+ Kf8 12. Qe2 Qxd6 13. Ne4 Qc7
14. Bc4 b5 15. Bxb5 Bb7 16. g3 Nd4 17. Qd3 Nxb5 18. Ng5 Bd4+ 0-1

[Event "WJun"]
[Site "Puerto Madryn ARG"]
[Date "2009.10.31"]
[Round "10"]
[White "Guo Yuthok,S"]
[Black "Morales,Ra"]
[Result "1-0"]
[WhiteElo "1966"]
[BlackElo "1941"]
[EventDate "2009.10.22"]

1. e4 e5 2. Nf3 d6 3. Bc4 Be7 4. d3 Nf6 5. c3 O-O 6. Be3 c6 7. Bb3 h6 8.
Nbd2 Be6 9. Nf1 Qc7 10. Ng3 Re8 11. O-O d5 12. Nd2 Na6 13. h3 Rad8 14. Qf3
Nc5 15. Bxc5 Bxc5 16. Rad1 dxe4 17. Ndxe4 Nxe4 18. Nxe4 Bxb3 19. axb3 Bb6
20. Kh1 Qd7 21. Ng3 g6 22. Ne4 Qe6 23. Nf6+ Kg7 24. Nxe8+ Rxe8 25. b4 c5
26. bxc5 Bxc5 27. b4 Bd6 28. Qxb7 Qf6 29. Qxa7 e4 30. dxe4 Qf4 31. Rxd6
Qxd6 32. Qd4+ Qxd4 33. cxd4 Rxe4 34. Rd1 Kf8 35. Kg1 Ke7 36. Kf1 Kd6 37. b5
Kd5 38. b6 Re8 39. b7 Rb8 40. Rb1 Kxd4 41. Ke2 Kc5 42. h4 Kc6 43. Ke3 Kc7
44. Kd4 Rd8+ 45. Ke5 Kb8 46. Rb2 g5 47. h5 g4 48. Kf6 g3 49. Kxf7 Rd5 50.
Kg6 Rd6+ 51. Kg7 gxf2 52. Rxf2 1-0

[Event "WJun"]
[Site "Puerto Madryn ARG"]
[Date "2009.10.31"]
[Round "10"]
[White "Ramos,Va"]
[Black "Goncalves,M"]
[Result "1/2-1/2"]
[WhiteElo "1915"]
[BlackElo "1865"]
[EventDate "2009.10.22"]

1. c4 Nf6 2. Nc3 c5 3. g3 g6 4. Bg2 Bg7 5. e4 Nc6 6. Nge2 O-O 7. O-O e5 8.
d3 d6 9. h3 Be6 10. Be3 Nd4 11. f4 Nh5 12. fxe5 dxe5 13. g4 Nf6 14. Bg5 h6
15. Bh4 g5 16. Bf2 a6 17. Nxd4 cxd4 18. Ne2 b5 19. b3 bxc4 20. bxc4 Rb8 21.
Qd2 Qc7 22. Bg3 Nd7 23. Kh1 Qc5 24. Nc1 Qb4 25. Qxb4 Rxb4 26. Nb3 Rc8 27.
Rab1 Ra4 28. Rb2 Bf8 29. Rff2 Ba3 30. Rbc2 Bb4 31. Rf1 Bc3 32. Be1 Bxe1 33.
Rxe1 Nc5 34. Nxc5 Rxc5 35. Rb1 Ra3 36. Rb3 Raa5 37. Rcb2 Ra4 38. a3 Raa5
39. Ra2 Kf8 40. Bf1 Ke7 41. Kg1 Kd6 42. Kf2 Kc7 43. Ke1 1/2-1/2

[Event "WJun"]
[Site "Puerto Madryn ARG"]
[Date "2009.10.31"]
[Round "10"]
[White "Chirila,I"]
[Black "Yu Yangyi"]
[Result "1/2-1/2"]
[WhiteElo "2504"]
[BlackElo "2509"]
[EventDate "2009.10.22"]

1. e4 c5 2. Nf3 e6 3. d4 cxd4 4. Nxd4 a6 5. c4 Nf6 6. Nc3 Qc7 7. a3 Nxe4 8.
Nxe4 Qe5 9. Bd3 Qxd4 10. O-O Be7 11. Be3 Qe5 12. f4 Qc7 13. Qh5 Nc6 14. c5
g6 15. Qh6 f5 16. Qg7 Rf8 17. Nd6+ Bxd6 18. cxd6 Qxd6 19. Qxh7 Qxd3 20. Bc5
d6 21. Rad1 Qxf1+ 22. Kxf1 dxc5 23. Qxg6+ Rf7 24. Rd3 b6 25. Rh3 Ke7 26.
Rh8 Bb7 27. Qg5+ Kd7 28. Rxa8 Bxa8 29. Qg8 Nd8 30. h4 Ke7 31. h5 Rf8 32.
Qg5+ Ke8 33. Qg6+ Ke7 34. Qg5+ Ke8 35. Qg6+ Ke7 1/2-1/2

[Event "WJun"]
[Site "Puerto Madryn ARG"]
[Date "2009.10.31"]
[Round "10"]
[White "Macias Murillo,B"]
[Black "Karthikeyan,P1"]
[Result "1/2-1/2"]
[WhiteElo "2363"]
[BlackElo "2449"]
[EventDate "2009.10.22"]

1. d4 Nf6 2. c4 e6 3. Nf3 b6 4. e3 Bb7 5. Bd3 d5 6. Nbd2 c5 7. O-O cxd4 8.
exd4 Be7 9. b3 O-O 10. Bb2 Nc6 11. Rc1 Rc8 12. Qe2 Re8 13. Rfd1 Bf8 14. Bb1
g6 15. Nf1 Bg7 16. Ng3 h5 17. Ne5 h4 18. Nf1 h3 19. gxh3 dxc4 20. bxc4 Rc7
21. Ng3 Qa8 22. Ng4 Nh7 23. f4 f5 24. Nf2 Rd7 25. Qe3 Qd8 26. Ne2 g5 27.
Kf1 Bf6 28. fxg5 Nxg5 29. h4 Nh7 30. Nf4 Kf7 31. Nxe6 Rxe6 32. Qh6 Kg8 33.
d5 Red6 34. Ba3 Bg7 35. Qf4 Ne7 36. Bxd6 Rxd6 37. Bxf5 Nxf5 38. Qxf5 Qxh4
39. Qh3 Qd8 40. Rd3 Bc8 41. Qg2 Bf5 1/2-1/2

[Event "WJun"]
[Site "Puerto Madryn ARG"]
[Date "2009.10.31"]
[Round "10"]
[White "Potapov,P"]
[Black "Schiendorfer,E"]
[Result "1/2-1/2"]
[WhiteElo "2429"]
[BlackElo "2311"]
[EventDate "2009.10.22"]

1. e4 c5 2. c3 Qa5 3. Nf3 Nc6 4. Na3 e6 5. Nc4 Qc7 6. d4 cxd4 7. Nxd4 Nxd4
8. cxd4 Nf6 9. e5 Nd5 10. Bd2 b5 11. Ne3 Bb7 12. Nc2 Qb6 13. Bd3 f5 14. O-O
Be7 15. Qh5+ g6 16. Qh6 Bf8 17. Qh4 h6 18. Rac1 Be7 19. Qh3 Kf7 1/2-1/2